BIBLIOTECA PODER JUDICIAL
Portal Judicial TDF

En el camino hacia los presupuestos mínimos de protección ambiental en actividades hidrocarburíferas / (Registro nro. 6508)

000 -LEADER
fixed length control field 01287nab a22002537a 4500
003 - CONTROL NUMBER IDENTIFIER
control field OSt
005 - DATE AND TIME OF LATEST TRANSACTION
control field 20260213130752.0
008 - FIXED-LENGTH DATA ELEMENTS--GENERAL INFORMATION
fixed length control field 190604e xxu||||| |||| 00| 0 spa d
040 ## - CATALOGING SOURCE
Transcribing agency PJ
100 ## - MAIN ENTRY--PERSONAL NAME
9 (RLIN) 7116
Personal name Siano, Juan Martín
245 10 - TITLE STATEMENT
Title En el camino hacia los presupuestos mínimos de protección ambiental en actividades hidrocarburíferas /
Statement of responsibility, etc Juan Martín Siano, Nicolás Bontá.
260 ## - PUBLICATION, DISTRIBUTION, ETC. (IMPRINT)
Place of publication, distribution, etc Ciudad Autónoma de Buenos Aires :
Name of publisher, distributor, etc Thomson Reuters La Ley,
Date of publication, distribution, etc 2025.
300 ## - PHYSICAL DESCRIPTION
Extent p. 5-16
500 ## - GENERAL NOTE
General note Cita Online: TR LALEY AR/DOC/3200/2025.<br/>
505 ## - FORMATTED CONTENTS NOTE
Formatted contents note Sumario: I. Introducción.— II. Todo es historia.— III. El decreto 1057/24.— IV. Nuevamente sobre los "presupuestos mínimos".— V. Una particularidad del marco normativo armonizado.— VI. Contenido del marco normativo armonizado.— VII. Colofón.
505 ## - FORMATTED CONTENTS NOTE
Title ¿Te interesa el texto completo? Solicitalo al correo: koha@justierradelfuego.gov.ar
650 #0 - SUBJECT ADDED ENTRY--TOPICAL TERM
9 (RLIN) 3979
Topical term or geographic name as entry element HIDROCARBUROS
650 #0 - SUBJECT ADDED ENTRY--TOPICAL TERM
9 (RLIN) 2848
Topical term or geographic name as entry element DERECHO AMBIENTAL
650 #0 - SUBJECT ADDED ENTRY--TOPICAL TERM
9 (RLIN) 5830
Topical term or geographic name as entry element RESIDUOS PELIGROSOS
650 #0 - SUBJECT ADDED ENTRY--TOPICAL TERM
9 (RLIN) 3251
Topical term or geographic name as entry element DAÑO AMBIENTAL
700 ## - ADDED ENTRY--PERSONAL NAME
9 (RLIN) 7117
Personal name Bontá, Nicolás
773 0# - HOST ITEM ENTRY
Host Biblionumber 2714
Host Itemnumber 3171
Place, publisher, and date of publication Ciudad Autónoma de Buenos Aires : Thomson Reuters La Ley, 2014-
Title Revista anales de legislación argentina. Nº 1- Enero 2026.
942 ## - ADDED ENTRY ELEMENTS (KOHA)
Source of classification or shelving scheme
Koha item type Analítica Artículo de Revista

No hay ítems disponibles.

12 de Octubre 789 Ushuaia - Tel:  54(02901)441571
Horario de Atención: 8.00 a 17.00 hs. 
bibliotecaush@justierradelfuego.gov.ar
koha@justierradelfuego.gov.ar
Seguinos en nuestras redes @bibliojustdf 

Con tecnología Koha